| 000 | 00840nam a22002777a 4500 | ||
|---|---|---|---|
| 001 | 9466 | ||
| 003 | FISKH | ||
| 005 | 20260113160931.0 | ||
| 008 | 260113b cb ||||| |||| 00| 0 eng d | ||
| 020 | _a9780152017378 | ||
| 040 |
_aFISKH _beng _cFISKH _dFISKH |
||
| 050 | _a PS3556.L589 B4 | ||
| 082 | _a811.54 | ||
| 100 | _aFlorian , Douglas | ||
| 245 |
_aBeast feast / _bBy Douglas Florian |
||
| 250 | _aFirst Voyager Books Edition 1998 | ||
| 260 |
_aSan Diego : _bVoyager books , _c1994 . |
||
| 300 |
_a47 pages : _bcolor illustrations ; _c25 cm . |
||
| 505 | _aM | ||
| 520 | _aA collection of humorous poems about such animals as the walrus, anteater, and boa. | ||
| 521 | 8 |
_a530
_bLexile estimate |
|
| 521 | 8 |
_aM
_bRaz-Plus |
|
| 650 |
_aAnimals _vJuvenile poetry |
||
| 942 |
_2ddc _cBK _n0 |
||
| 999 |
_c9466 _d9466 |
||